Návrh technológie úpravy vody pre uzavretý a otvorený chladiaci okruh bakalárska práca

Salvato in:
Dettagli Bibliografici
Autore principale: Gergelyová, Kitty
Natura: Libro
Lingua:slovacco
Pubblicazione: Bratislava STU FCHPT 2019
Accesso online:Visualizza in OPAC
Tags: Aggiungi Tag
Nessun Tag, puoi essere il primo ad aggiungerne!!

MARC

LEADER 00000nam a2200000 a 4500
005 20260127134119.0
008 190911 2019 xo a 001 0 slo d
035 |a vtls011886365 
039 9 |y 201909110912  |z mschk03 
040 |a STUSCHK1  |b slo  |c STUSCHK1  |e AACR2 
100 1 |a Gergelyová, Kitty 
245 1 |a Návrh technológie úpravy vody pre uzavretý a otvorený chladiaci okruh  |b bakalárska práca  |c Kitty Gergelyová 
260 |a Bratislava  |b STU FCHPT  |c 2019 
300 |a 71 s.  |b Obr., tab, grafy 
500 |a Študijný program: Chemické inžinierstvo 
500 |a Študijný odbor: Chemické inžinierstvo 
500 |a Školiace pracovisko: Oddelenie environmentálneho inžinierstva 
500 |a Evid. číslo: FCHPT-5431-86835 
910 |a SCHK95 
999 |c 4379  |d 4379